Sudah benarkah solat anda

Bibliographic Details
Main Author: Abdul Hamid Bin Abdurrahman al-Suhaibani (Author)
Other Authors: Rapung Samuddin (Editor), Amirah Anas Anuar (Editor)
Format: Book
Language:Malay
Published: Kuala Lumpur, Malaysia : Synergy Media c2011
Subjects:

MARC

LEADER 00000cam a2200000 7i4500
001 0000101821
005 20240716093000.0
008 230119s2011 my may
020 |a 9789673716227 
020 |a 9673716226 
040 |a UniSZA   |e rda 
050 0 0 |a BP183.3   |b .A231 2011 
090 0 0 |a BP183.3   |b .A231 2011 
100 0 |a Abdul Hamid Bin Abdurrahman al-Suhaibani ,   |e author 
245 1 0 |a Sudah benarkah solat anda   |c penulis : Abdul Hamid bin Abdurrahman al-Suhaibani ; penterjemah : Rapung Samuddin ; editor : Amirah Anas Anuar 
264 1 |a Kuala Lumpur, Malaysia :   |b Synergy Media   |c c2011 
300 |a 184 pages :   |b illustrations ;   |c 18cm. 
336 |a text   |2 rdacontent 
337 |a unmediated   |2 rdamedia 
338 |a volume   |2 rdacarrier 
650 0 |a Prayer   |x Islam 
650 0 |a Islam   |x Prayers and devotions 
650 0 |a Solat 
700 0 |a Rapung Samuddin ,   |e editor 
700 0 |a Amirah Anas Anuar ,   |e editor 
999 |a 1000185185   |b Book   |c OPEN SHELF (30 DAYS)   |e Gong Badak Campus